000 02505cam a2200385 i 4500
001 21389027
003 BJBSDDR
005 20250801121338.0
007 ta
008 200116s2020 mau b 000 0 eng
010 _a 2020000794
020 _a9781632651594
_q(paperback)
020 _z9781632657732
_q(kindle edition)
035 _a21389027
040 _aDLC
_beng
_erda
_cDLC
_dDLC
041 _aeng
042 _apcc
050 0 0 _aHD57.7
_b.J454 2020
082 0 0 _a658.4/092
_223
100 1 _aJenkins-Scott, Jackie,
_d1949-
_eauthor.
_943902
245 1 4 _aThe 7 secrets of responsive leadership :
_bdrive change, manage transitions, and help any organization turn around /
_cJackie Jenkins-Scott.
246 3 _aSeven secrets of responsive leadership
264 1 _aNewburyport, MA :
_bCareer Press,
_c2020
300 _axx, 203 pages ;
_c22 cm
336 _atext
_btxt
_2rdacontent
337 _aunmediated
_bn
_2rdamedia
338 _avolume
_bnc
_2rdacarrier
504 _aIncludes bibliographical references.
505 _a Front Cover Praise Copyright Page Acknowledgments Contents Introduction: The Nature of Responsive Leadership Chapter 1: Secret 1- Take Advantage of Opportunity Chapter 2: Secret 2- Compete Well by Leading with Heart Chapter 3: Secret 3- Keep Your Bags Packed Chapter 4: Secret 4- Stay on Point in the Midst of Risk Chapter 5: Secret 5- Move Your Opposition Chapter 6: Secret 6- Value the Interconnectedness of People Chapter 7: Secret 7- Recover Quickly Chapter 8: Making Transitions Conclusion: The "I" in Leadership A: Exercises in Seeking Opportunities B: Communication Tools and Techniques C: Organizing Information Notes Index About the Author Back Cover
520 _a"At its core, this book is about the intimate relationship between leadership and opportunity. Being a responsive leader means playing to win. Responsive leadership can thrive anywhere, unlike systematic leadership. The latter imposes methods and laws; principles govern action. In contrast, responsive leadership is a living, changing set of traits and skills that adapts to new people and environments. This book spotlights how to build the skills to be a leader in any environment"--
_cProvided by publisher.
650 0 _aLeadership.
906 _a7
_bcbc
_corignew
_d1
_eecip
_f20
_gy-gencatlg
942 _2lcc
_n0
_cBK
999 _c124555
_d124555